| 000 | 00490nam a2200181 a 4500 | ||
|---|---|---|---|
| 001 | 1860 | ||
| 005 | 20140414131916.0 | ||
| 008 | 010503s19uu xx 00 eng d | ||
| 020 | _a0-307-90950-6 | ||
| 050 |
_aER _bH21 1963 |
||
| 100 | _aBarton, Patricia | ||
| 245 |
_aHappy rabbit (The) / _cby Patricia Barton. |
||
| 260 |
_aNew York : _bMerrigold Press, _c1963. |
||
| 300 | _a1v. (unp.) : ill. ; cm. | ||
| 650 | _aRabbit-stories. | ||
| 650 | _aChildren's stories. | ||
| 999 |
_c111456 _d111456 |
||